[Event "ch-European Rapid 2013"]
[Site "Warsaw POL"]
[Date "2013.12.15"]
[Round "10.10"]
[White "Duda,J"]
[Black "Jobava,Ba"]
[Result "0-1"]
[WhiteElo "2557"]
[BlackElo "2705"]

1.e4 d6 2.d4 Nf6 3.Nc3 e5 4.Nf3 Nbd7 5.g3 c6 6.a4 Be7 7.Bg2 O-O 8.O-O Re8
9.Re1 Bf8 10.h3 b6 11.b3 Bb7 12.Bb2 a6 13.Qd2 Qc7 14.Rad1 b5 15.dxe5 dxe5
16.Qc1 Nb6 17.Nh4 g6 18.Rd3 Rad8 19.Red1 Rxd3 20.cxd3 Qe7 21.Nf3 Nbd7 22.Nb1 Bg7
23.Nbd2 c5 24.Qa1 Qd6 25.Bf1 Bc6 26.axb5 axb5 27.Qb1 h6 28.Ne1 Nf8 29.Nc2 Ne6
30.b4 Nd7 31.Nb3 cxb4 32.Bg2 Ndc5 33.Nxc5 Qxc5 34.Bc1 Nd4 35.Nxd4 Qxd4 36.Be3 Qd6
37.Qc1 Rc8 38.Qb1 Bd7 39.Bd2 Rc3 40.Bf1 h5 41.h4 Bf8 42.Be2 Qb6 43.Rc1 Bc5
44.Be1 Be6 45.Bd1 Bd4 46.Bxc3 bxc3 47.Kg2 Bxf2 48.Qc2 Bh3+ 49.Kxh3 Qe3 50.Kg2 Qxg3+
51.Kf1 Qg1+ 52.Ke2 Bxh4 53.d4 exd4  0-1

[Event "ch-European Rapid 2013"]
[Site "Warsaw POL"]
[Date "2013.12.15"]
[Round "11.24"]
[White "Licznerski,L"]
[Black "Perunovic,Mil"]
[Result "1-0"]
[WhiteElo "2354"]
[BlackElo "2622"]

1.e4 d6 2.d4 Nf6 3.Nc3 e5 4.Nf3 Nbd7 5.Bc4 Be7 6.O-O O-O 7.Re1 c6 8.a4 exd4
9.Nxd4 Ne5 10.Bb3 Re8 11.h3 Bf8 12.Bg5 Bd7 13.Bh4 Ng6 14.Bg3 Qa5 15.Qd2 Rad8
16.Rad1 Qb4 17.Qg5 c5 18.Nd5 Nxd5 19.Qxd5 Be6 20.Nxe6 fxe6 21.Qc4 Qxc4 22.Bxc4 a6
23.Re2 Nh8 24.f4 Nf7 25.f5 exf5 26.exf5 Rxe2 27.Bxe2 Be7 28.Bc4 Kf8 29.c3 Nh6
30.Bh2 Ng8 31.g4 Nf6 32.g5 Ne8 33.h4 Nc7 34.a5 Ke8 35.Kg2 Kd7 36.Kf3 Rf8
37.Kg4 h6 38.Be5 Ne8 39.Be6+ Kc6 40.Bd5+ Kd7 41.Bf4 hxg5 42.hxg5 Nc7 43.Bc4 Rh8
44.f6 gxf6 45.gxf6 Bf8 46.Re1 d5 47.Bxc7 dxc4 48.Bf4 Rg8+ 49.Kf5 Rg2 50.Rd1+ Ke8
51.Ke6  1-0

[Event "20th Zadar Open A 2013"]
[Site "Zadar CRO"]
[Date "2013.12.16"]
[Round "2.6"]
[White "Kanmazalp,O"]
[Black "Indjic,A"]
[Result "0-1"]
[WhiteElo "2414"]
[BlackElo "2541"]

1.e4 d6 2.d4 Nf6 3.Nc3 e5 4.Nf3 Nbd7 5.Bc4 Be7 6.dxe5 Nxe5 7.Nxe5 dxe5 8.Qxd8+ Bxd8
9.f3 c6 10.Be3 Bb6 11.Ke2 Ke7 12.a4 Bxe3 13.Kxe3 a5 14.Rhd1 Be6 15.Bxe6 Kxe6
16.Rd2 Rhd8 17.Rxd8 Rxd8 18.Rd1 Ra8 19.b3 Nd7 20.g3 g6 21.f4 Nc5 22.Rf1 exf4+
23.gxf4 Rd8 24.Rg1 Na6 25.Rd1 Rxd1 26.Nxd1 f5 27.exf5+ Kxf5 28.Kf3 b5 29.axb5 cxb5
30.Ne3+ Ke6 31.Ke4 a4 32.bxa4 bxa4 33.Nc4 h5 34.Na3 Nc7 35.c4 Kd6 36.f5 gxf5+
37.Kxf5 Kc5 38.Kg5 Kb4 39.Nb1 Kb3 40.c5 Ne6+ 41.Kxh5 Nxc5 42.Kg6 Nd3 43.h4 Kb2
44.Nd2 Ne5+ 45.Kf5 a3 46.Kxe5 a2  0-1

[Event "20th Zadar Open A 2013"]
[Site "Zadar CRO"]
[Date "2013.12.16"]
[Round "2.1"]
[White "Saric,Iv"]
[Black "Kadric,D"]
[Result "1-0"]
[WhiteElo "2632"]
[BlackElo "2471"]

1.e4 d6 2.d4 Nf6 3.Nc3 e5 4.Nf3 Nbd7 5.Bc4 Be7 6.O-O O-O 7.a4 c6 8.h3 Qc7
9.Ba2 b6 10.Qe2 a6 11.Rd1 Rb8 12.Be3 b5 13.axb5 axb5 14.b4 Nb6 15.Bb3 Bd7
16.dxe5 dxe5 17.Bc5 Bxc5 18.bxc5 Nc8 19.Qe3 Ne7 20.Rd6 Ng6 21.Rad1 Rbe8 22.Ne2 Kh8
23.Ng3 Bc8 24.Qg5 Nd7 25.Qe3 Nb8 26.h4 f6 27.h5 Nf4 28.Nh2 Na6 29.h6 g6 30.c4 Qb7
31.cxb5 Qxb5 32.Rc1 Ne6 33.Bxe6 Bxe6 34.Nf3 Bg8 35.Qc3 Qb4 36.Rxc6 Qxc3 37.Rxc3 Nb8
38.Rd6 Re6 39.Rcd3 Na6 40.c6 Rc8 41.Rxe6 Bxe6 42.Rd6 Nc5 43.Ne1 Kg8 44.Nc2 Kf7
45.Nb4 Nb3 46.Ne2 Na5 47.Nc3 Ke7 48.Nb5 Nc4 49.Nd5+ Bxd5 50.Rd7+  1-0

[Event "20th Zadar Open B 2013"]
[Site "Zadar CRO"]
[Date "2013.12.16"]
[Round "3.7"]
[White "Rosandic,D"]
[Black "Debevec,B"]
[Result "1/2-1/2"]
[WhiteElo "2285"]
[BlackElo "2129"]

1.d4 d6 2.e4 Nf6 3.Nc3 e5 4.Nf3 Nbd7 5.Bc4 Be7 6.O-O O-O 7.a4 c6 8.Ba2 b6
9.Re1 Bb7 10.Bg5 a6 11.Qe2 Qc7 12.Rad1 Rfe8 13.Nh4 b5 14.Nf5 Bf8 15.dxe5 dxe5
16.Qf3 b4 17.Nb1 c5 18.Nd2 a5 19.Nc4 Ra6 20.Rd3 Qc6 21.Ncd6 Bxd6 22.Nxd6 Qxd6
23.Rxd6 Rxd6 24.c3 Nb6 25.Bxf6 Rxf6 26.Qd1 Bc6 27.cxb4 cxb4 28.Bb3 Bd7 29.Re3 Kf8
30.Rd3 Ke7 31.Qh5 Kf8 32.Qxh7 Rh6 33.Rxd7 Rxh7 34.Rxf7+ Kg8 35.Re7+ Kf8 36.Rf7+ Kg8
37.Re7+ Kf8 38.Rf7+  1/2-1/2

[Event "16th Padova Open A 2013"]
[Site "Padova ITA"]
[Date "2013.12.17"]
[Round "3.8"]
[White "Bove,A"]
[Black "Lazic,Mir"]
[Result "1/2-1/2"]
[WhiteElo "2371"]
[BlackElo "2461"]

1.e4 d6 2.d4 Nf6 3.Nc3 e5 4.Nf3 Nbd7 5.Bc4 Be7 6.O-O O-O 7.Re1 c6 8.a4 a5
9.h3 exd4 10.Qxd4 Nc5 11.Bf4 Ne8 12.Qe3 Qb6 13.b3 Qa7 14.Rad1 Be6 15.Bf1 Bd8
16.Nd4 Bb6 17.Qg3 Kh8 18.Be3 Rd8 19.Qh4 Nf6 20.Nf3 Ng8 21.g4 Nd7 22.Nd4 Rde8
23.Bg2 Nc5 24.Qg3 Bc7 25.f4 Bc8 26.Bf2 Re7 27.Nf3 Rfe8 28.Nd2 Qb8 29.Qf3 Na6
30.Nc4 Nb4 31.Ne3 d5 32.exd5 Bxf4 33.dxc6 bxc6 34.Nc4 Rxe1+ 35.Rxe1 Rxe1+
36.Bxe1 Nxc2 37.Bf2 Bh2+ 38.Kh1 Be6 39.Nxa5 Bc7 40.Nxc6 Qxb3 41.a5 Qa3 42.Qd3 Bxa5
43.Nxa5 Nb4 44.Qd4 Qxa5 45.Ne4 Nc2 46.Qd6 Ne1 47.Qd2 Qxd2 48.Nxd2 Nxg2 49.Kxg2 h5
50.Kg3 hxg4 51.hxg4 Nh6 52.g5 Nf5+ 53.Kf4 Kh7 54.Nf3 Ne7 55.Nh4 Bc8 56.Bc5 Nd5+
57.Ke5 Nc7 58.Be3 Kg8 59.Kd6 Nb5+ 60.Ke5 Kf8 61.Bc5+ Ke8 62.Nf3 Bh3 63.Nd4 Nc3
64.Bb4 Nd1 65.Nb5 Bd7 66.Nd6+ Kf8 67.Nf5+ Kg8 68.Ne7+ Kh7 69.Kf4 Nb2 70.Bd2 Nd3+
71.Ke3 Nc5 72.Kf4 Ne6+ 73.Ke5 Nf8 74.Kf4 Bb5 75.Ke5 Ba6 76.Kf4 Nd7 77.Be3 Bb7
78.Bd4 Nf8 79.Be3 g6 80.Bc1 Ne6+ 81.Ke5 Kg7 82.Be3 Nf8 83.Kd6 Ne6 84.Ke5 Bg2
85.Bd2 Nc7 86.Kd6 Ne6 87.Ke5 Bf3 88.Nc8 Nc5 89.Ne7 Kf8 90.Nxg6+ fxg6  1/2-1/2

[Event "2nd Kurdistan Open 2013"]
[Site "Erbil IRQ"]
[Date "2013.12.18"]
[Round "8.4"]
[White "Enkhtuul,A"]
[Black "Jakubiec,A"]
[Result "1/2-1/2"]
[WhiteElo "2249"]
[BlackElo "2513"]

1.e4 d6 2.d4 Nf6 3.Nc3 c6 4.f4 Qb6 5.Nf3 Bg4 6.Be2 Nbd7 7.e5 Nd5 8.exd6 Nxc3
9.bxc3 exd6 10.h3 Bxf3 11.Bxf3 Be7 12.O-O O-O 13.f5 Rfe8 14.Kh1 Bf8 15.Bg5 Qa5
16.Qd3 Nb6 17.c4 Qa6 18.Be2 d5 19.Qf3 f6 20.Bf4 dxc4 21.Rfb1 Nd5 22.Qf1 b5
23.a4 Qc8 24.axb5 cxb5 25.Bf3 Qd7 26.Ra6 Rad8 27.Bd2 Nb6 28.Ba5 Kh8 29.Bxb6 axb6
30.Rxb6 Qxf5 31.R6xb5 Qxc2 32.Bc6 Re6 33.d5 Red6 34.Rc1 Qd3 35.Qxd3 cxd3
36.Rd1 f5  1/2-1/2

[Event "Caissa IM December 2013"]
[Site "Kecskemet HUN"]
[Date "2013.12.18"]
[Round "2.1"]
[White "Farkas,Ti"]
[Black "Li Bo"]
[Result "0-1"]
[WhiteElo "2252"]
[BlackElo "2373"]

1.e4 d6 2.d4 Nf6 3.Nc3 c6 4.g3 g6 5.Bg2 Bg7 6.Nge2 O-O 7.O-O Nbd7 8.a4 e5
9.h3 Re8 10.Be3 exd4 11.Bxd4 Qe7 12.Nf4 b6 13.Re1 Bb7 14.Qd2 Ne5 15.b3 Qc7
16.Rad1 Rad8 17.Nfe2 Ned7 18.g4 Nc5 19.Ng3 Ne6 20.Be3 d5 21.exd5 Nxd5 22.Bxd5 cxd5
23.Nb5 Qe7 24.Nd4 Qh4 25.Kg2 h6 26.c3 Ng5 27.Bxg5 Qxg5 28.Qxg5 hxg5 29.Rxe8+ Rxe8
30.b4 Bf6 31.Nge2 Kg7 32.Rd3 a5 33.b5 Rc8 34.Rd2 Rc4 35.Ra2 Be5 36.f3 Kf6
37.Kf2 Rxc3 38.Nc6 Rc4 39.h4 gxh4 40.g5+ Kf5 41.Rd2 Bxc6 42.bxc6 Ke6 43.Ke3 Rxa4
44.f4 Bg7  0-1

[Event "Pavlodar Open 2013"]
[Site "Pavlodar KAZ"]
[Date "2013.12.18"]
[Round "9.17"]
[White "Egorov,E"]
[Black "Nyshanbayev,B"]
[Result "1-0"]
[WhiteElo "2361"]
[BlackElo "2147"]

1.d4 d6 2.e4 Nf6 3.Nc3 e5 4.dxe5 dxe5 5.Qxd8+ Kxd8 6.Bc4 Ke8 7.Bg5 Nbd7 8.O-O-O a6
9.Nge2 b5 10.Bd5 Nxd5 11.Nxd5 Bd6 12.Be7 Ra7 13.Bxd6 cxd6 14.Ne3 Nf6 15.Ng3 Be6
16.Rxd6 g6 17.f3 Ke7 18.Rhd1 Rc8 19.a3 Rb8 20.Rc6 Nd7 21.b3 a5 22.Nd5+ Bxd5
23.Rxd5 f6 24.Nf1 a4 25.b4 Nf8 26.Rdd6  1-0

[Event "Pavlodar Open 2013"]
[Site "Pavlodar KAZ"]
[Date "2013.12.18"]
[Round "9.23"]
[White "Karmenov,B"]
[Black "Tashimova,N"]
[Result "1-0"]
[WhiteElo "2176"]
[BlackElo "2060"]

1.e4 d6 2.d4 Nf6 3.Nc3 e5 4.Nf3 Nbd7 5.Bc4 Be7 6.O-O O-O 7.Re1 c6 8.a4 b6
9.d5 c5 10.Qd3 a6 11.Bg5 Ng4 12.Bd2 Bh4 13.g3 Be7 14.h3 Ngf6 15.Kg2 Ne8 16.Nd1 Nc7
17.Ne3 Rb8 18.Bb3 b5 19.axb5 axb5 20.c4 bxc4 21.Nxc4 Ba6 22.Qc2 Bxc4 23.Bxc4 Nb6
24.Bd3 f5 25.Ba5 Kh8 26.Red1 Qd7 27.exf5 Nbxd5 28.Be4 Nb4 29.Qxc5 Nca6 30.Qxe5 Qe8
31.Qf4 Nc5 32.Ra3 d5 33.Bb1 Nc6 34.Bc3 Ne6 35.Qg4 h5 36.Qa4 Bxa3 37.fxe6 Bxb2
38.Qc2  1-0

[Event "20th Zadar Open A 2013"]
[Site "Zadar CRO"]
[Date "2013.12.18"]
[Round "5.19"]
[White "Zelic,Ml"]
[Black "Brulic,D"]
[Result "1/2-1/2"]
[WhiteElo "2307"]
[BlackElo "2299"]

1.e4 d6 2.d4 Nf6 3.Nc3 e5 4.Nf3 Nbd7 5.Bc4 h6 6.O-O Be7 7.h3 c6 8.a4 Qc7
9.Be3 Nf8 10.Qe2 Ng6 11.Rad1 O-O 12.Ne1  1/2-1/2

[Event "20th Zadar Open A 2013"]
[Site "Zadar CRO"]
[Date "2013.12.18"]
[Round "6.5"]
[White "Predojevic,B"]
[Black "Indjic,A"]
[Result "1-0"]
[WhiteElo "2607"]
[BlackElo "2541"]

1.e4 d6 2.d4 Nf6 3.Nc3 e5 4.dxe5 dxe5 5.Qxd8+ Kxd8 6.Nf3 Bd6 7.Be3 a6 8.O-O-O Ke7
9.Bg5 Be6 10.Nh4 g6 11.Nf5+ gxf5 12.exf5 Rg8 13.Bxf6+ Kxf6 14.fxe6 fxe6 15.Bd3 Rg7
16.Be4 Ra7 17.Rd3 Nd7 18.Rh3 Nf8 19.Rd1 Ke7 20.Rdd3 c6 21.Rdg3 Rf7 22.Rf3 Rxf3
23.Bxf3 Ra8 24.Ne4 Rd8 25.Bh5 Nd7 26.Rg3  1-0

[Event "Al-Ain Classic Open A 2013"]
[Site "Al-Ain UAE"]
[Date "2013.12.19"]
[Round "1.11"]
[White "Kovalev,Vl"]
[Black "Bhakti,K"]
[Result "1/2-1/2"]
[WhiteElo "2574"]
[BlackElo "2267"]

1.e4 d6 2.d4 Nf6 3.Nc3 e5 4.Nf3 Nbd7 5.Bc4 Be7 6.O-O O-O 7.a4 c6 8.Re1 Qc7
9.h3 h6 10.Ba2 a5 11.Be3 Re8 12.Nh4 Nf8 13.dxe5 dxe5 14.Qf3 Be6 15.Nf5 Ng6
16.g3 Bxa2 17.Rxa2 Nd7 18.h4 Bf8 19.Rd1 Re6 20.Raa1 Rd8 21.Qe2 Ne7 22.Qc4 Nxf5
23.exf5 Rd6 24.Rxd6 Bxd6 25.Ne4 Be7 26.Qb3 c5 27.Rd1 Qc6 28.Qc4 Nb6 29.Rxd8+ Bxd8
30.Qd3 Be7 31.c4 Nxa4 32.f3 Nxb2 33.Qb3 Na4 34.Bd2 Nb6 35.Bxa5 Nc8 36.Qb2 f6
37.Qc2 Qd7 38.Qb1 b6 39.Bxb6 Qb7 40.Qb5 Nxb6 41.Qe8+ Bf8 42.Qe6+ Kh7 43.g4 Nc8
44.g5 hxg5 45.hxg5 Nd6 46.Nxd6 Bxd6 47.Qxd6 Qxf3 48.gxf6  1/2-1/2

[Event "WYCC U18 Girls 2013"]
[Site "Al-Ain UAE"]
[Date "2013.12.19"]
[Round "2.2"]
[White "Ziaziulkina,N"]
[Black "Leks,M"]
[Result "1-0"]
[WhiteElo "2354"]
[BlackElo "2076"]

1.e4 d6 2.d4 Nf6 3.Nc3 e5 4.Nf3 Nbd7 5.Bc4 Be7 6.O-O O-O 7.Re1 c6 8.a4 a5
9.h3 Nb6 10.Bd3 Nfd7 11.Bf1 Re8 12.Be3 exd4 13.Nxd4 Nc5 14.Qd2 Bf8 15.Bg5 Qc7
16.b3 Ne6 17.Bh4 Nxd4 18.Qxd4 Be6 19.Rad1 f6 20.Bg3 Rad8 21.Ne2 Bf7 22.c4 Nd7
23.Nc1 Qb6 24.Qxb6 Nxb6 25.Bf4 Rd7 26.Bd2 Ra8 27.Be3 Nc8 28.Be2 h5 29.g4 g6
30.gxh5 gxh5 31.Nd3 Re7 32.Bf3 c5 33.Nf4 Re5 34.Bc1 Kh7 35.Bb2 Rg5+ 36.Kh1 Be7
37.h4 Rg8 38.Nxh5 Bxh5 39.Bxh5 Na7 40.Bf7 Rg7 41.Be6 Nc6 42.Rg1 Rh8 43.h5 Ne5
44.f4 Nf3 45.Rg2 Kh6 46.Rxg7 Kxg7 47.Bg4 Nd4 48.Bxd4 cxd4 49.Rxd4 Kh6 50.Kg2 Re8
51.Kf3 Bf8 52.Rd1 Be7 53.Be6 Bf8 54.Bf5  1-0

[Event "Caissa IM December 2013"]
[Site "Kecskemet HUN"]
[Date "2013.12.19"]
[Round "4.2"]
[White "Meszaros,An"]
[Black "Li Bo"]
[Result "0-1"]
[WhiteElo "2295"]
[BlackElo "2373"]

1.e4 d6 2.d4 Nf6 3.Nc3 c6 4.Nf3 Bg4 5.Be2 e6 6.O-O Be7 7.Re1 d5 8.Ne5 Bxe2
9.Qxe2 O-O 10.exd5 cxd5 11.Qb5 Qc8 12.Bg5 Nc6 13.Rad1 Re8 14.h3 Nd7 15.Bxe7 Ndxe5
16.dxe5 Rxe7 17.Qe2 a6 18.Rd3 Rc7 19.Rg3 Ne7 20.Rf3 b5 21.a3 Ng6 22.Qd3 Qd8
23.Nb1 Rac8 24.c3 Qg5 25.Rg3 Qf4 26.Rge3 Qc4 27.Nd2 Qxd3 28.Rxd3 Ne7 29.g3 a5
30.Kg2 Nc6 31.h4 Nb8 32.Nb3 Ra7 33.Nd4 Rb7 34.Re2 Nc6 35.Nb3 b4 36.cxb4 axb4
37.Rc2 Rbb8 38.a4 Nxe5 39.Rxc8+ Rxc8 40.Rd4 Nc4 41.Rf4 Kf8 42.Na1 Ke7 43.Nc2 b3
44.Ne1 Ra8 45.Rf3 Rb8 46.Rc3 Nxb2 47.g4 Nc4 48.Nd3 b2  0-1

[Event "Pavlodar Open 2013"]
[Site "Pavlodar KAZ"]
[Date "2013.12.19"]
[Round "10.26"]
[White "Balguzhinov,B"]
[Black "Tashimova,N"]
[Result "1-0"]
[WhiteElo "2183"]
[BlackElo "2060"]

1.e4 d6 2.d4 Nf6 3.Nc3 e5 4.dxe5 dxe5 5.Qxd8+ Kxd8 6.Bc4 Be6 7.Bxe6 fxe6
8.Nf3 Bd6 9.a3 Nc6 10.Be3 Ke7 11.h3 Rhf8 12.O-O-O a6 13.Rhe1 b5 14.Nd2 Na5
15.f3 c5 16.Bg1 Rac8 17.Kb1 Rc6 18.Na2 Nh5 19.h4 Rb8 20.Nc1 b4 21.axb4 cxb4
22.Nd3 Nc4 23.Nxc4 Rxc4 24.b3 Rc6 25.Bh2 Rb5 26.Re2 Nf6 27.Red2 Ne8 28.Nb2 a5
29.Bg1 Rb7 30.Nc4 Rb5 31.Kb2 Bc7 32.Rd7+ Kf8 33.g4 Rb8 34.g5 a4 35.h5 h6
36.gxh6 gxh6 37.Be3 Nf6 38.Bxh6+ Ke8 39.Rg7 Nxh5 40.Rg8+ Kf7 41.Rxb8 Bxb8
42.Rd7+ Kg6 43.Bd2 axb3 44.cxb3 Nf4 45.Bxb4 Ne2 46.Rb7 Bc7 47.Bc3 Rc5 48.Kc2 Nd4+
49.Bxd4 exd4 50.Kd3 e5 51.b4 Rc6 52.b5 Rc5 53.b6 Bd8 54.Rd7 Bxb6 55.Rd6+ Kg5
56.Rxb6 Kf4 57.Rf6+ Kg3 58.Rf5  1-0

[Event "Pavlodar Open 2013"]
[Site "Pavlodar KAZ"]
[Date "2013.12.19"]
[Round "10.9"]
[White "Nevostrujev,V"]
[Black "Khegay,D"]
[Result "0-1"]
[WhiteElo "2433"]
[BlackElo "2348"]

1.e4 d6 2.d4 Nf6 3.Nc3 e5 4.Nf3 Nbd7 5.Bc4 Be7 6.O-O O-O 7.Re1 c6 8.a4 exd4
9.Nxd4 Ne5 10.Bf1 Re8 11.h3 Bd7 12.g3 Qc8 13.Kh2 Qc7 14.f4 Ng6 15.Be3 h5
16.Qf3 Bf8 17.Bf2 b6 18.Bd3 Qc8 19.Bf1 a6 20.Bg2 b5 21.axb5 axb5 22.Rxa8 Qxa8
23.Nf5 b4 24.Nd1 d5 25.e5 Bxf5 26.exf6 Rxe1 27.Bxe1 h4 28.Qh5 Bxc2 29.Ne3 Be4
30.f5 Ne5 31.Qxh4 Bxg2 32.Kxg2 c5 33.fxg7 d4+ 34.Kf1 Qh1+  0-1

[Event "20th Zadar Open A 2013"]
[Site "Zadar CRO"]
[Date "2013.12.19"]
[Round "7.17"]
[White "Bubalovic,D"]
[Black "Jusic,Z"]
[Result "1/2-1/2"]
[WhiteElo "2305"]
[BlackElo "2306"]

1.e4 d6 2.d4 Nf6 3.Nc3 Nbd7 4.g4 e5 5.g5 Ng8 6.dxe5 dxe5 7.Bc4 c6 8.Be3 Bb4
9.Qf3 Bxc3+ 10.bxc3 Qe7 11.Rd1 h6 12.h4 b5 13.Bb3 a5 14.a3 a4 15.Ba2 hxg5
16.hxg5 Rxh1 17.Qxh1 g6 18.Qh7 Qf8 19.Ne2 Ne7 20.c4 Rb8 21.cxb5 Rxb5 22.Rb1 Rxb1+
23.Bxb1 f5 24.Ba2 fxe4 25.Nc3 Qf5 26.Qh4 Kd8 27.Nxe4 Nd5 28.Qh8+ Qf8 29.Qxf8+ Nxf8
30.Nc5  1/2-1/2

[Event "WYCC U18 Girls 2013"]
[Site "Al-Ain UAE"]
[Date "2013.12.20"]
[Round "3.3"]
[White "Pratyusha,B"]
[Black "Osmanodja,F"]
[Result "1/2-1/2"]
[WhiteElo "2128"]
[BlackElo "2274"]

1.e4 d6 2.d4 Nf6 3.Nc3 e5 4.dxe5 dxe5 5.Qxd8+ Kxd8 6.Bg5 c6 7.O-O-O+ Ke8
8.f4 Be7 9.fxe5 Ng4 10.Bxe7 Kxe7 11.Rd2 Be6 12.Nf3 Nd7 13.Nd1 Rae8 14.h3 Ngxe5
15.Ne3 g6 16.Be2 Kf8 17.Rhd1 Re7 18.Ng5 Nf6 19.Nf3 Nfd7 20.Ng5 Nf6 21.Nf3 Nxf3
22.Bxf3 Re8 23.Rd8 Nd7 24.Rxe8+ Kxe8 25.Kd2 Kd8 26.Ke2 Kc7 27.Kf2 Re8 28.Kg3 f6
29.Bg4 Nc5 30.Bf3 h5 31.a3 Bf7 32.Rd4 f5 33.Nxf5 gxf5 34.exf5 Nd7 35.Kf4 Nf6
36.Kg5 Nd5 37.c4 Rg8+ 38.Kh6 Ne3 39.g4 hxg4 40.hxg4 Nxc4 41.g5 Nd6 42.Bg4 Ne8
43.g6 Bd5 44.Kg5 Kd6 45.f6 Ke5 46.Rxd5+ cxd5 47.f7 Rh8 48.fxe8=Q+ Rxe8 49.g7 d4
50.Kg6 Ke4 51.Kf7 Rd8 52.g8=Q Rxg8 53.Kxg8 Kd3 54.Bf5+ Kd2 55.b4 Kc3 56.Kf7 Kb3  1/2-1/2

[Event "WYCC U16 Girls 2013"]
[Site "Al-Ain UAE"]
[Date "2013.12.20"]
[Round "3.25"]
[White "Srija,S"]
[Black "Smaraki,M"]
[Result "1-0"]
[WhiteElo "1980"]
[BlackElo "1837"]

1.e4 d6 2.d4 Nf6 3.Nc3 c6 4.f4 Qa5 5.Bd3 Bg4 6.Qd2 g6 7.h3 Qh5 8.Qf2 Bg7
9.e5 dxe5 10.fxe5 Nd5 11.Ne4 Be6 12.Ng3 Qh4 13.Nf3  1-0

[Event "AUS Masters GM"]
[Site "Melbourne AUS"]
[Date "2013.12.20"]
[Round "7.3"]
[White "Illingworth,M"]
[Black "Morris,J"]
[Result "0-1"]
[WhiteElo "2430"]
[BlackElo "2398"]

1.e4 d6 2.d4 Nf6 3.Nc3 Nbd7 4.Bc4 e5 5.Nf3 Be7 6.O-O c6 7.a4 Qc7 8.a5 h6
9.dxe5 dxe5 10.Nh4 Nc5 11.Qf3 g6 12.Qe2 Nh7 13.Nf3 g5 14.b4 Ne6 15.Bb2 g4
16.Nb5 cxb5 17.Bxb5+ Kf8 18.Nxe5 Bf6 19.f4 Nxf4 20.Qc4 Bxe5 21.Qxc7 Bxc7
22.Bxh8 Be6 23.Bd4 a6 24.Bd3 Ng5 25.Rad1 Rd8 26.Be3 Ng6 27.c4 Rxd3 28.Rxd3 Bxc4
29.Rd7 Bxh2+ 30.Kxh2 Bxf1 31.Rxb7 Ne5 32.Kg3 Nxe4+ 33.Kf4 Ng6+ 34.Kxg4 h5+
35.Kxh5 Bxg2 36.Rb6 Bf1 37.Kg4 Be2+ 38.Kf5 Ng3+ 39.Kf6 Ne4+ 40.Kf5 Bd3 41.Kg4 Ke7
42.Bd4 Kd7 43.Kf3 Ng5+ 44.Ke3 Bc4 45.Bf6 Nh7 46.Bg7 Ng5 47.Kd4 Bb5 48.Bf6 Ne6+
49.Kd5 Ngf4+ 50.Ke4 Bd3+ 51.Ke5 Ng6+ 52.Kd5 Ngf4+ 53.Ke5 Ng6+ 54.Kd5 Nc7+
55.Kd4 Bb5 56.Rb7 Nf8 57.Rb6 Kc8 58.Bh4 Nce6+ 59.Kd5 Nc7+ 60.Kd4 Nd7 61.Rh6 Nb8
62.Kc5 Ne6+ 63.Kd6 Nd4 64.Rf6 Bd7 65.Bf2 Nb5+ 66.Ke5 Nc6+ 67.Kd5 Ne7+ 68.Kc5 Be6
69.Rh6 Kb7 70.Bg3 Nf5 71.Rh3 Nfd4 72.Rh8 Nb3+  0-1

[Event "WYCC U18 Open 2013"]
[Site "Al-Ain UAE"]
[Date "2013.12.21"]
[Round "4.26"]
[White "Madi,Aslan"]
[Black "Licznerski,L"]
[Result "1/2-1/2"]
[WhiteElo "2099"]
[BlackElo "2354"]

1.e4 d6 2.d4 Nf6 3.Nc3 e5 4.dxe5 dxe5 5.Qxd8+ Kxd8 6.Bg5 Be6 7.Nf3 Nd7 8.O-O-O Kc8
9.Bh4 Bb4 10.Nd5 Nxd5 11.exd5 Bf5 12.Bg3 Bg4 13.Be2 f5 14.h3 Bh5 15.Nd4 Bxe2
16.Nxe2 f4 17.Bh2 Nf6 18.f3 Rd8 19.c4 b5 20.b3 bxc4 21.bxc4 c6 22.dxc6 Kc7
23.Rxd8 Rxd8 24.Rd1 Rxd1+ 25.Kxd1 g5 26.Bg1 a6 27.Kc2 Kxc6 28.Nc1 h6 29.Nd3 Bd6
30.c5 Be7 31.Nxe5+ Kd5 32.Nd3 Kc4 33.Bf2 Nd5 34.Ne5+ Kb4 35.c6 Bd6 36.Nf7 Be7
37.Kd3 Kb5 38.Ne5 Bd6 39.Nf7 Be7 40.Ne5 Bd6 41.Nf7 Be7 42.Ne5  1/2-1/2

[Event "WYCC U18 Girls 2013"]
[Site "Al-Ain UAE"]
[Date "2013.12.21"]
[Round "5.27"]
[White "Chiarion,E"]
[Black "Barbier,Astrid"]
[Result "1-0"]
[WhiteElo "1957"]
[BlackElo "1789"]

1.e4 d6 2.d4 Nf6 3.Nc3 e5 4.Nge2 Nbd7 5.f3 Be7 6.Be3 a6 7.Qd2 b5 8.g4 Nb6
9.Ng3 h6 10.Nf5 Bxf5 11.gxf5 Nc4 12.Bxc4 bxc4 13.Qe2 exd4 14.Bxd4 c5 15.Bxf6 Bxf6
16.Qxc4 Qb6 17.O-O-O O-O 18.b3 Qa5 19.Na4 Rfd8 20.f4 Rab8 21.a3 Bd4 22.Rhe1 Ra8
23.Re2 Rd7 24.Qd5 Rad8 25.Rxd4  1-0

[Event "WYCC U18 Girls 2013"]
[Site "Al-Ain UAE"]
[Date "2013.12.21"]
[Round "5.3"]
[White "Ibrahimova,S"]
[Black "Osmanodja,F"]
[Result "1-0"]
[WhiteElo "2205"]
[BlackElo "2274"]

1.e4 d6 2.d4 Nf6 3.Nc3 e5 4.Nf3 Nbd7 5.Bc4 Be7 6.O-O O-O 7.Re1 a6 8.a4 b6
9.h3 Bb7 10.Bf1 c6 11.b3 Re8 12.Bb2 Bf8 13.g3 b5 14.dxe5 dxe5 15.axb5 axb5
16.Qe2 Qc7 17.Bg2 Nc5 18.Rxa8 Bxa8 19.Nb1 Nfd7 20.Nbd2 Ne6 21.Bc3 f6 22.h4 Qb6
23.Bh3 c5 24.h5 Bc6 25.Nh4 Nd4 26.Qd1 Qa7 27.Nf5 Nb6 28.Nf3 Qf7 29.N3h4 Kh8
30.Bxd4 exd4 31.Qg4 Bd7 32.Ng6+ Kg8 33.Ngh4 Bxf5 34.Nxf5 Kh8 35.Nh4 Bd6 36.Ra1 Qb7
37.Ng6+ Kg8 38.Qe6+ Rxe6 39.Bxe6+ Qf7 40.Bxf7+ Kxf7 41.Ra6 Nc8 42.Nf4 Ke7
43.Ra5 Kd7 44.Rxb5 Kc6 45.Ra5 Ne7 46.Ra6+ Kd7 47.Nd5 Nxd5 48.exd5 g6 49.h6 g5
50.g4  1-0

[Event "ch-CZE Blitz Prelim 2013"]
[Site "Brno CZE"]
[Date "2013.12.21"]
[Round "6.1"]
[White "Kislinsky,A"]
[Black "Neuman,P"]
[Result "1-0"]
[WhiteElo "2504"]
[BlackElo "2496"]

1.e4 d6 2.d4 Nf6 3.Nc3 e5 4.Nf3 Nbd7 5.Bc4 Be7 6.O-O O-O 7.a4 c6 8.Ba2 a5
9.h3 exd4 10.Nxd4 Nc5 11.Qf3 Be6 12.Nf5 Bxf5 13.Qxf5 Qb6 14.Be3 Qxb2 15.Bd4 Qb6
16.e5 dxe5 17.Qxe5 Ncd7 18.Qf4 Bc5 19.Rab1 Qa7 20.Ne2 Bxd4 21.Nxd4 Nc5 22.Nf5 Kh8
23.Rfe1 Rae8 24.Qg5 Nh5 25.Qxh5 g6 26.Qh4 gxf5 27.Qf6+ Kg8 28.Bxf7+  1-0

[Event "51st Groningen Open A 2013"]
[Site "Groningen NED"]
[Date "2013.12.21"]
[Round "1.3"]
[White "Andriasian,Z"]
[Black "Burg,B"]
[Result "1-0"]
[WhiteElo "2610"]
[BlackElo "2227"]

1.e4 d6 2.d4 Nf6 3.Nc3 Nbd7 4.f4 e5 5.Nf3 exd4 6.Qxd4 c6 7.Be3 d5 8.e5 Ng4
9.Bg1 Bc5 10.Qd2 Bxg1 11.Rxg1 Qb6 12.O-O-O Nxh2 13.Nd4 Nxf1 14.Rgxf1 O-O
15.Rh1 Re8 16.g4 Nf8 17.Nf5 f6 18.Rde1 Bxf5 19.gxf5 fxe5 20.fxe5 Qc7 21.e6 Qe7
22.Ne2 Qf6 23.Ng3 h6 24.Nh5 Qg5 25.Reg1 Qxd2+ 26.Kxd2 Re7 27.Nf6+ Kh8 28.Rxh6+ gxh6
29.Rg8+  1-0

[Event "51st Groningen Open A 2013"]
[Site "Groningen NED"]
[Date "2013.12.21"]
[Round "1.33"]
[White "Gutkind,Kedem"]
[Black "Peng Zhaoqin"]
[Result "0-1"]
[WhiteElo "2066"]
[BlackElo "2369"]

1.e4 d6 2.d4 Nf6 3.Nc3 e5 4.dxe5 dxe5 5.Qxd8+ Kxd8 6.Bg5 Be6 7.O-O-O+ Nd7
8.Nf3 h6 9.Bh4 Bd6 10.Bb5 g5 11.Bg3 Ke7 12.Bxd7 Nxd7 13.Nb5 a6 14.Nxd6 cxd6
15.Nd2 Rac8 16.Kb1 f5 17.f3 Nf6 18.Rhe1 Rc6 19.c3 a5 20.Ka1 a4 21.a3 f4 22.Bf2 b5
23.g3 Kf7 24.gxf4 gxf4 25.Rg1 Rg8 26.Rxg8 Kxg8 27.Nb1 Kf7 28.Bh4 Nd7 29.Bf2 Bb3
30.Rg1 Rc8 31.Nd2 Be6 32.Kb1 d5 33.exd5 Bxd5 34.Kc2 Be6 35.Kc1 Bf5 36.Kd1 Bd3
37.Ba7 Nf8 38.Ne4 Bxe4 39.fxe4 Ne6 40.h4 Rc4 41.Re1 Nd8 42.Kd2 Nc6 43.Bb6 Ne7
44.Kd3 Ng8 45.Bd8 Rc8 46.Bb6 Nf6 47.Re2 Rg8 48.Bc7 Ke6 49.Kc2 Rg4 50.Bd8 Rxh4
51.Bxf6 Kxf6 52.c4 bxc4 53.Kc3 Kg5 54.Kxc4 f3 55.Rf2 Rxe4+ 56.Kd5 Kf4 57.Rh2 Re2
58.Rxh6 Rd2+ 59.Kc4 e4  0-1

[Event "20th Zadar Open A 2013"]
[Site "Zadar CRO"]
[Date "2013.12.21"]
[Round "9.4"]
[White "Brkic,A"]
[Black "Bosiocic,Mari"]
[Result "1/2-1/2"]
[WhiteElo "2566"]
[BlackElo "2542"]

1.e4 d6 2.d4 Nf6 3.Nc3 e5 4.dxe5 dxe5 5.Qxd8+ Kxd8 6.Nf3 Bd6 7.Be3 Be6 8.Ng5 Nbd7
9.f3 Ke7 10.Nxe6 fxe6 11.Nb5 Bb4+ 12.c3 Ba5 13.Na3 Bb6 14.Bd2 c6 15.Nc4 Bc7
16.a4 h6 17.Be3 Ne8 18.a5 Nd6 19.Nxd6 Bxd6 20.Bd3 Bc5 21.Bd2 a6 22.Ke2 Nf6
23.g3 Rad8 24.Rad1 Rd7 25.Bc1 Rhd8 26.Bc2 Rxd1 27.Rxd1 Rxd1 28.Bxd1  1/2-1/2

[Event "20th Zadar Open B 2013"]
[Site "Zadar CRO"]
[Date "2013.12.21"]
[Round "9.8"]
[White "Brkic,I"]
[Black "Curic,D"]
[Result "1-0"]
[WhiteElo "2105"]
[BlackElo "2244"]

1.e4 d6 2.d4 Nf6 3.Nc3 c6 4.f4 Qa5 5.Bd3 e5 6.Nf3 Bg4 7.Be3 Nbd7 8.O-O Be7
9.Qd2 Qc7 10.h3 Bxf3 11.Rxf3 O-O 12.g4 exd4 13.Bxd4 Nc5 14.Qf2 Nfd7 15.Kg2 Rfe8
16.g5 Bf8 17.h4 b5 18.a3 Nxd3 19.cxd3 a5 20.Ne2 c5 21.Bc3 b4 22.Bd2 d5 23.Ng3 c4
24.exd5 c3 25.bxc3 bxc3 26.Rc1 c2 27.d4 Rec8 28.Rc3 Qb7 29.R1xc2 Rxc3 30.Rxc3 Nb6
31.Qf3 Nxd5 32.Rb3 Qd7 33.f5 a4 34.Rd3 Rb8 35.f6 g6 36.Ne4 Rb2 37.Kg3 Qc7+
38.Kh3 Qc4 39.Nc5 Bxc5 40.dxc5 Rb3 41.Rxb3 axb3 42.Bc1 h5 43.Bb2 Nf4+ 44.Kg3 Nd5
45.c6 Kf8 46.a4 Ke8 47.a5 Qxc6 48.Qxb3 Qc7+ 49.Kf3 Qf4+ 50.Ke2 Qe4+ 51.Kd2 Qg2+
52.Kd1 Qf1+ 53.Kd2 Qf2+ 54.Kd3 Qe3+ 55.Kc4 Qe4+ 56.Kc5 Nc7 57.Qc4 Ne6+ 58.Kb4 Qe1+
59.Kb5 Qb1 60.Qc6+ Kd8  1-0